000 00509nam a2200169Ia 4500
999 _c16184
_d16184
003 OSt
005 20200606115859.0
008 190216s9999||||xx |||||||||||||| ||und||
040 _cMESKC library
082 _a954
_bGUP/H
100 _aGupta, Sushila
_9399
245 0 _aHindustani Prachar Sabha Ke Teen Karnadhar /
_cSushila Gupta
260 _bHindusthani Prachar Sabha Prakashan,
_aMumbai:
_c2003.
300 _a140p
650 _aHindi
942 _cBK
_2ddc
_h954
_iGUP/H
_k954
_mGUP/H